000
00294nam a22001337a 4500
003
OSt
008
240731b |||||||| |||| 00| 0 eng d
082
_a
635.63346
_b
N28S
100
_a
GBPUAT, Rantnagar
245
_a
Souvenir
260
_a
Pantnagar
_c
2005
300
_a
142p.
942
_2
ddc
_c
DRB
999
_c
42881
_d
42881